Culture Générale - Série 2500 - Statistiques

Statistiques générales
  • Ce quiz a été pris 147 fois
  • Le résultat moyen est 4 sur 10
Statistiques - réponses
Question Réponse % Correct
Dans quel état des Etats Unis se trouve la ville d'Anchorage ? Alaska
69%
Partie nulle aux échecs pat
66%
Méfiance excessive ou grande suspicion à l'égard de menaces, persécutions, trahisons ou complots réels ou imaginaires - 7 lettres commençant par " p " paranoïa
55%
Quelle est la déesse du mariage dans la mythologie grecque ? Héra
48%
Sous quel prénom et nom connait-on mieux le chanteur français Marcel Jean-Pierre Balthazar Miramon, né en 1929 ? voir photo Marcel Amont
35%
Quelle localité de l'île de Ré porte le nom d'un curé célèbre canonisé en 1925 par Pie XI ? Ars
31%
Chasseur géant de la mythologie grecque réputé pour sa beauté et sa violence. La légende raconte qu'il fut transformé en un amas d'étoiles par Zeus, donnant son nom à une constellation. Orion
30%
Aller à sa ruine, à sa fin - 10 lettres commençant par " p " péricliter
30%
Brave type - 6 lettres commençant par " b " bougre
9%
Quelle est la capitale des îles Caïmans ? George Town
5%
Aucun quiz correspondant
Distribution des résultats
% des personnes avec chaque résultat
Percentile par nombre de réponses
Votre historique - résultats
Vous n’avez pas pris ce quiz